🎶 Paroles "Bienvenue à Halloween"(L'étrange Noël de M.Jack) - Statistiques

Statistiques générales
  • Ce quiz a été pris 258 fois
  • Le résultat moyen est 323 sur 411
Statistiques - réponses
Mots % Correct
(Arbre aux pendus : )
98%
(Arlequin : )
98%
(Choeur des ombres :)
98%
(Choeurs : )
98%
(Choeurs des citrouilles : )
98%
(Clown : )
98%
(Créature sous le lit : )
98%
(Créature sous l'escalier : )
98%
(Enfant/Démon : )
98%
(Enfant/Momie : )
98%
(Fantômes :)
98%
(Homme en fusion : )
98%
La la-la la
98%
(L'ombre de Oogie Boogie : )
98%
(Loup-Garou : )
98%
(Maire : )
98%
( Maire/Choeurs : )
98%
(Ombres siamoises :)
98%
(Père Mort-Vivant/Mère Morte-Vivante : )
98%
(Sorcières : )
98%
(Squelettes : )
98%
(Tout le monde : )
98%
(Vampires : )
98%
l'
97%
Halloween,
96%
Halloween
96%
Halloween !
96%
Halloween...
96%
Halloween ! ...
96%
T'
96%
a
95%
à
95%
d'
95%
s'
95%
de
94%
es
94%
le
94%
C'
93%
c'
93%
la
91%
est
90%
Est
90%
ça
89%
et
89%
Et
89%
les
89%
Les
89%
je
87%
Je
87%
on
86%
On
86%
Bienvenue
85%
des
85%
85%
ou
85%
me
84%
en
83%
citrouilles
82%
citrouilles !
82%
qu'
82%
se
82%
dans
81%
Dans
81%
un
81%
sous
80%
cache
79%
escalier
79%
ville
79%
vous
79%
du
78%
lit
78%
mais
78%
monde
78%
pas
78%
Qui
78%
qui
78%
il
77%
Il
77%
noir
77%
noir...
77%
votre
77%
Moi,
76%
nous,
76%
nuit
76%
nuit...
76%
soir
76%
y
76%
Y'
76%
fait
75%
... Peur !
75%
peur...
75%
cheveux
74%
tout
74%
Tout
74%
araignées
73%
étrange
73%
Mes
73%
mes
73%
serpents
73%
crime
71%
crime !
71%
enfants
71%
Jack
71%
Jack !
71%
Notre
71%
notre
71%
vos
71%
yeux
71%
bêtises
70%
Doigts
70%
pour
70%
trouille !
70%
voir
70%
anges ?
69%
brillent
69%
chauves
69%
cité
69%
démons
69%
une
69%
chantent
68%
ont
68%
venez
68%
visiter
68%
aime
67%
dents,
67%
dents...
67%
elle
67%
suis
67%
Voici
67%
voici
67%
magnifique
66%
ombre
66%
rêves
66%
cauchemars !
65%
comme
65%
glace
65%
surprise !
65%
trop
65%
faire...
64%
mauvaise
64%
mine
64%
mourir
64%
ne
64%
Par
64%
par
64%
prochaine
64%
Quelle
64%
rage !
64%
sages
64%
sourient
64%
sourient !
64%
transforme
64%
Voulez-
64%
Au
63%
feu,
63%
préfère
63%
roi !
63%
roi
63%
vont
63%
ceux
62%
horreur !
62%
beaucoup
61%
face
61%
faut
61%
pile
61%
Rouge
61%
sang...
61%
sera
61%
squelette,
61%
Suivez-
61%
jouer
60%
Avant
59%
domine
59%
noire
59%
plaisante,
59%
plaisante
59%
vent
59%
attend
57%
flash
57%
tête,
57%
arrache
56%
disparaître
56%
enfer !
56%
glisse
56%
mort
56%
perds
56%
quelquefois
56%
sait
56%
envoler
54%
poubelles
54%
heure
53%
normal !
53%
ouvert !
52%
rue,
52%
inconnus
51%
surgissent
51%
coin
50%
sans
49%
tombeau
49%
épouvantail !
48%
Gélatine !
48%
trompettes
46%
Si
45%
ni
44%
terroriser
44%
aux
42%
épouvantable
41%
Minuit
39%
os !
39%
vieux
39%
dos,
36%
ferez
36%
sonne...
36%
Surgit
36%
tambours
34%
fripouilles !
33%
crack !
30%
Bravo
29%
prend
29%
gargouille
27%
nouveau
26%
Vive
24%
mors
19%
Aucun quiz correspondant
Distribution des résultats
% des personnes avec chaque résultat
Percentile par nombre de réponses
Votre historique - résultats
Vous n’avez pas pris ce quiz